00660nam a22001697a 4500003000900000008004100009040007100050082001700121100001800138245005600156260003300212300002800245505015300273650001200426650002300438650002900461AR-CdUCM190527b ||||| |||| 00| 0 spa d aMUNICIPALIDAD PROVINCIAL DEL CUSCOcBIBLIOTECA MUNICIPAL DEL CUSCO a349.1 /bK84 aKruger, Pablo aHistorias fuentes y literatura del derecho Romano / aMéxico :bNacional,c1967. a365 páginas ;c20 cm. aContenido : El derecho Romano en Oriente antes de Justiniano -- La legislación de Justiniano en los años 529- 534 -- El digesto de Justiniano... aDerecho aDerecho Justiniano aLiteratura no jurídica